| 000 -LEADER |
| fixed length control field |
01190nam a22001817a 4500 |
| 003 - CONTROL NUMBER IDENTIFIER |
| control field |
OSt |
| 005 - DATE AND TIME OF LATEST TRANSACTION |
| control field |
20250304114053.0 |
| 008 - FIXED-LENGTH DATA ELEMENTS--GENERAL INFORMATION |
| fixed length control field |
250304b ||||| |||| 00| 0 eng d |
| 020 ## - INTERNATIONAL STANDARD BOOK NUMBER |
| International Standard Book Number |
9781782435822 |
| 040 ## - CATALOGING SOURCE |
| Transcribing agency |
KH8 |
| 082 ## - DEWEY DECIMAL CLASSIFICATION NUMBER |
| Classification number |
417 TAG |
| 100 ## - MAIN ENTRY--PERSONAL NAME |
| Personal name |
Taggart, Caroline, |
| Relator term |
author. |
| 245 ## - TITLE STATEMENT |
| Title |
Kicking the Bucket at the Drop of a Hat : |
| Remainder of title |
The Meaning and Origins of Popular Expressions / |
| Statement of responsibility, etc. |
Caroline Taggart. |
| 260 ## - PUBLICATION, DISTRIBUTION, ETC. |
| Place of publication, distribution, etc. |
London ; |
| Name of publisher, distributor, etc. |
Michael O' Mara Books Limited , |
| Date of publication, distribution, etc. |
2016. |
| 300 ## - PHYSICAL DESCRIPTION |
| Extent |
224 pages : |
| Dimensions |
20 cm. |
| 520 ## - SUMMARY, ETC. |
| Summary, etc. |
Don’t be down in the dumps if you can’t cut the mustard when asked the definition of certain phrases—this down-to-earth guide is just the ticket. This collection contains some fascinating and remarkable stories about our best-loved and most colorful phrases and shows the huge range of sources from which they originate. From advertising to the Ancient Greeks, from the military to meteorology, Kicking the Bucket at the Drop of a Hat takes us on a wonderful journey through our language’s history. With more phrases than you can shake a stick at, this collection will bring home the bacon for any Tom, Dick, or Harry with a love of language. |
| 942 ## - ADDED ENTRY ELEMENTS (KOHA) |
| Source of classification or shelving scheme |
|
| Koha item type |
Books - Non Ficton |